00333nam a2200145Ia 4500008004100000020001500041041001200056082001100068100001500079245003700094250000800131260002500139300000900164650001400173221030s9999 xx 000 0 und d a0070495432 aEnglish a105.23 aH. Schildt 4aThe Complete Reference Java TM 2 a5th bTMHaNew Delhic2007 a1154 aComputers